| 000 | 00875nam a22002897a 4500 | ||
|---|---|---|---|
| 005 | 20180809091520.0 | ||
| 008 | 180808b xxu||||| |||| 00| 0 spa d | ||
| 020 | _a9789586487634 | ||
| 041 | _aspa | ||
| 082 | _a371.334 Z24m | ||
| 100 |
_aZambrano Ayala, William Ricardo _949007 |
||
| 245 | _aModelo de aprendizaje virtual para la educación superior MAVES, basado en tecnología 3.0 | ||
| 260 | _aColombia | ||
| 260 | _bECO Ediciones | ||
| 260 | _c2012 | ||
| 300 | _a368 páginas | ||
| 650 |
_aEDUCACIÓN VIRTUAL _99089 |
||
| 650 |
_aEDUCACIÓN A DISTANCIA _915213 |
||
| 650 |
_aEDUCACIÓN _9286 |
||
| 650 |
_aCONSTRUCTIVISMO _949030 |
||
| 650 |
_aTEORÍAS DEL APRENDIZAJE _95381 |
||
| 650 |
_aTECNOLOGÍAS DE INFORMACIÓN _96599 |
||
| 650 |
_aWEB 3.0 _949010 |
||
| 650 |
_aMODELOS DE APRENDIZAJE _949011 |
||
| 650 |
_aWEB-CAMPUS _949031 |
||
| 942 | _cBK | ||
| 999 |
_c10983 _d10983 |
||